000
00327 a2200109 4500
001
ART_51559
005
20260410161956.0
008
260409a
245
1
0
_a
Recuperación económica y judicial
100
1
_a
Ferro, Carlos A.
773
0
_t
Temas de derecho comercial
_g
- Año 6, N° 11 (nov. 2020)
_w
REV28151
999
_c
30807
_d
30807